Kluby Ukraińskiej Premier League 2025/26 - nagła śmierć - Statystyki

Ogólne statystyki
  • Ten quiz został rozwiązany 30 razy
  • Średni wynik to 5 z 16
Answers on the Grid
Answers color-coded by a green-red scale on the quiz's grid according to % correct below.
FC Kudrivka
Worskła Połtawa
Metalist 1925 Charków
SK Dnipro-1
Dynamo Kijów
Kołos Kowaliwka
Czornomoreć Odessa
Polissia Żytomierz
Szachtar Donieck
Liwyj Bereh Kijów
FK Ołeksandrija
Krywbas Krzywy Róg
Feniks Mariupol
Inhułeć Petrowe
Epicentr Kamieniec Podolski
Ruch Lwów
LKS Pogoń Lwów
Karpaty Lwów
Obołoń Kijów
Weres Równe
FK Mynaj
ŁNZ Czerkasy
Metałurh Zaporoże
SK Połtawa
Zoria Ługańsk
Arsenał Kijów
 
Statystyki odpowiedzi
Odpowiedź % Poprawnych
Szachtar Donieck
70%
Dynamo Kijów
61%
Polissia Żytomierz
52%
Zoria Ługańsk
52%
Kołos Kowaliwka
35%
Krywbas Krzywy Róg
30%
FK Ołeksandrija
26%
Ruch Lwów
26%
Karpaty Lwów
22%
Metalist 1925 Charków
22%
SK Połtawa
22%
ŁNZ Czerkasy
17%
Epicentr Kamieniec Podolski
13%
Obołoń Kijów
13%
FC Kudrivka
9%
Weres Równe
9%
Nie znaleziono quizów pasujących do podanych kryteriów
Rozkład punktacji
Procent ludzi z każdym wynikiem
Percentyl według liczby udzielonych odpowiedzi
Twoja historia wyników
Nie rozwiązałeś tego quizu